Normal view
MARC view
- Sonntag E
Entry Personal Name
001 - CONTROL NUMBER
- control field: 122590
003 - CONTROL NUMBER IDENTIFIER
- control field: NUST
005 - DATE AND TIME OF LATEST TRANSACTION
- control field: 20240510184609.0
008 - FIXED-LENGTH DATA ELEMENTS
- fixed length control field: 240510|| aca||aabn | a|a d
040 ## - CATALOGING SOURCE
- Original cataloging agency: NUST
- Transcribing agency: NUST
100 ## - HEADING--PERSONAL NAME
- Personal name: Sonntag E
670 ## - SOURCE DATA FOUND
- Source citation: Work cat.: (NUST)609044: Sonntag E. , Fundamentals of Thermodynamics, 2003.
